| 000 | 01594cam a2200409 4500 | ||
|---|---|---|---|
| 003 | PE-LiUPU | ||
| 005 | 20250731175642.0 | ||
| 020 | _a0789907577 | ||
| 035 | _a(Sirsi) i9780789907578 | ||
| 035 | _a(Sirsi) 47298 | ||
| 035 | _a(Sirsi) 47298 | ||
| 041 | _aes | ||
| 044 | _aus | ||
| 082 | 0 | 4 |
_a468.7 _bL49 |
| 100 | 1 |
_aLlerena, Mario, _eautor |
|
| 245 | 1 | 3 |
_aUn manual de estilo : _buna presentación práctica y fácil de las normas necesarias para el uso correcto y apropiado del idioma español / _cMario Llerena. |
| 264 | 1 |
_aMiami, Florida : _b[Unilit], _c1981 |
|
| 300 |
_a419 páginas ; _c21 cm. |
||
| 504 | _aIncluye bibliografía | ||
| 505 | 0 | _aVulgarismos -- Barbarismos -- Mayúsculas, minúsculas, cursiva -- Puntuación -- La cita y el diálogo -- Cifras o palabras -- Acentuación -- Notas y referencias -- Abreviaturas -- Un poco de retórica | |
| 526 | _aP145 | ||
| 526 | _aP127 | ||
| 526 | _aP97 | ||
| 526 | _aP35 | ||
| 526 | _aP14 | ||
| 526 | _aP07 | ||
| 650 | 1 | 4 |
_aEspañol _xEstilo |
| 700 | 1 |
_aDel Pino, Jennifer _ecoaut. |
|
| 700 | 1 |
_aSáez, Luis Nahúm _eed. |
|
| 942 |
_2ddc _cBOOK |
||
| 949 |
_a468.7 L49 _i64949 _lCCODEBUL1 _mBUL _tLIBRO _o.STAFF. Colección General |
||
| 859 |
_q64949 _h468.7 _iL49 |
||
| 910 |
_agl _bjv _clch _d20120625 |
||
| 596 | _a1 | ||
| 999 |
_a468.7 L49 _wDEWEY _c53658 _i64949 _f2021-11-8 _g5 _lCCODEBUL1 _mBUL _p13.00 _r0 _sY _tBOOK _u2015-7-6 _xEDUCACION _PP35 _0COMPRA _o.STAFF. Colección General _d53658 |
||
| 980 |
_81 _gALBERTO SANCHEZ Responsable de Automatización |
||